Coéquipiers de Basile Boli à l'AJ Auxerre - Statistiques

Statistiques générales
  • Ce quiz a été pris 10 fois
  • Le résultat moyen est 6 sur 56
Statistiques - réponses
Années Poste Footballeur % Correct
1985-1990 Gardien de but Bruno Martini
67%
1983-1989 Milieu offensif Bernard Ferrer
56%
1983-1985; 1986-1988 Deuxième Attaquant Eric Cantona
56%
1983-1985 Gardien de but Joël Bats
56%
1987-1990 Gardien de but Lionel Charbonnier
56%
1984-1990 Ailier gauche Pascal Vahirua
56%
1983-1986 Milieu offensif Jean-Marc Ferreri
44%
1988-1990 Ailier Droit Christophe Cocard
33%
1983-1990 Milieu central Daniel Dutuel
33%
1984-1990 Défenseur central William Prunier
33%
1983-1985 Avant-centre Andrzej Szarmach
22%
1983-1986 Avant-centre Patrice Garande
22%
1983-1990 Défenseur central Axel Gendreau
11%
1983-1985 Milieu défensif Dominique Cuperly
11%
1989-1990 Milieu offensif Enzo Scifo
11%
1987-1990 Arrière droit Frédéric Darras
11%
1984 Avant-centre Michel N’Gom
11%
1983-1990 Arrière droit Stéphane Mazzolini
11%
1988-1990 Milieu défensif Waldemar Matysik
11%
1984-1987 Milieu défensif Alain Fiard
0%
1987-1988 Attaquant Andrzej Zgutczyński
0%
1983 Attaquant Antonio Gomez
0%
1983-1985 Défenseur Christian Scarpari
0%
1984-1988; 1989-1990 Défenseur Christophe Messager
0%
1989-1990 Arrière gauche Christophe Remy
0%
1983-1990 Arrière gauche Claude Barret
0%
1983-1986 Milieu défensif Didier Danio
0%
1983-1985 Gardien de but Didier Loiseau
0%
1989-1990 Avant-centre Didier Martel
0%
1987-1990 Ailier gauche Didier Otokoré
0%
1983-1984 Arrière droit Dominique Lokoli
0%
1983-1989 Attaquant Eric Geraldes
0%
1987; 1989-1990 Défense Eric Villa
0%
1985-1986 Gardien de but Franck Mérelle
0%
1987-1990 Attaquant Franck Soler
0%
1984-1990 Attaquant Franco Vignola
0%
1983-1984 Milieu gauche Gérard Lanthier
0%
1985-1987 Milieu central Gyozo Burcsa
0%
1983-1988 Milieu Jacques Perdrieau
0%
1983-1986 Arrière droit Jean-Luc Charles
0%
1988-1990 Attaquant Jean-Luc Courtet
0%
1983 Défenseur Jean-Paul Ribreau
0%
1983-1984 Défenseur Jérôme Lorant
0%
1987; 1989 Attaquant Jocelyn Monate
0%
1988-1989 Milieu gauche Marko Mlinaric
0%
1988-1990 Arrière gauche Michel Catalano
0%
1983-1984 Avant-centre Michel Pineda
0%
1988 Milieu Pascal Plancque
0%
1983-1986 Milieu Patrick Monier
0%
1983-1986 Défenseur central Pawel Jonas
0%
1987-1990 Milieu central Raphaël Guerreiro
0%
1989-1990 Avant-centre Richard Njok
0%
1984-1988 Avant-centre Roger Boli
0%
1985-1988; 1989-1990 Milieu Samuel Meilley
0%
1988-1990 Arrière gauche Stéphane Mahé
0%
1989-1990 Défense Thierry Taberner
0%
Aucun quiz correspondant
Distribution des résultats
% des personnes avec chaque résultat
Percentile par nombre de réponses
Votre historique - résultats
Vous n’avez pas pris ce quiz